000 00864cab a2200277 4500
001 ABS57576
008 090401t1997 xxu||||| |||| 00| 0 eng d
035 _a(Sirsi) u81124
041 _aeng
245 _aNorth West Occupier
260 _c1997
350 _a0
490 _aEstates Gazette
_vSupplement September 1997 (49) LOAN
520 _aSpecial survey on the views of occupiers on local property issues in the North West. Covers office sector, industrial/distribution sector and the retail/leisure sector. Statistics.
650 _aDISTRIBUTION SECTOR
650 _aINDUSTRIAL SECTOR
650 _aLEISURE SECTOR
650 _aNORTHWEST ENGLAND
650 _aOCCUPIER SURVEY
650 _aOCCUPIERS
650 _aOFFICE SECTOR
650 _aRETAIL SECTOR
690 _aPROPERTY-COMMERCIAL PROPERTY
942 _n0
948 _c29/09/1997
999 _c51118
_d51118